| 000 | 01677cam a22004574i 4500 | ||
|---|---|---|---|
| 003 | PE-LiUPU | ||
| 005 | 20250731173012.0 | ||
| 008 | 150616s1970 sp r 000 0 spa d | ||
| 035 | _a(Sirsi) a2283 | ||
| 040 |
_aPE-LiUPU _bspa _cPE-LiUPU _erda |
||
| 049 | _aPRUA | ||
| 082 | 0 | 4 |
_a274.492 _bH54 _221 |
| 100 | 1 |
_aHillenaar, H., _eautor. |
|
| 245 | 1 | 4 |
_aLos católicos holandeses / _cH. Hillenaar. |
| 264 | 1 |
_aBilbao : _bDesclée de Brouwer, _c1970. |
|
| 300 |
_a200 páginas ; _c21 centímetros. |
||
| 336 |
_atext _2rdacontent |
||
| 337 |
_aunmediated _2rdamedia |
||
| 338 |
_avolume _2rdacarrier |
||
| 490 | 0 | _aColección "Nuestro Tiempo" | |
| 505 | 0 | _aLa teología -- Biblia y catequesis -- Autoridad -- El concilio pastoral -- La liturgia -- La vida religiosa -- La mujer en la iglesia y en el ministerio -- El celibato del sacerdote -- El ecumenismo -- El movimiento Shalom. | |
| 526 | _aSEG42 | ||
| 526 | _aSEG41 | ||
| 526 | _aSEG40 | ||
| 526 | _aSEG39 | ||
| 526 | _aP94 | ||
| 526 | _aP87 | ||
| 526 | _aP86 | ||
| 526 | _aP85 | ||
| 526 | _aP77 | ||
| 526 | _aP76 | ||
| 526 | _aP35 | ||
| 650 | 0 | 4 |
_aCatolicismo _zHolanda. |
| 910 |
_ajck _bjvq _cjck |
||
| 942 |
_2ddc _cBOOK |
||
| 949 |
_a274.492 H54 _wDEWEY _c1 _i12720 _lCCODEBUL1 _mBUL _p00.00 _r0 _sY _tBOOK _u19741216 _xTEOLOGIA _zUNKNOWN _0COMPRA _o.STAFF. Colección General |
||
| 994 |
_aC0 _bPEPRU |
||
| 596 | _a1 | ||
| 999 |
_a274.492 H54 _wDEWEY _c23439 _i12720 _d23439 _e2016-9-29 _f2021-11-11 _g4 _lCCODEBUL1 _mBUL _n1 _p14.00 _r0 _sY _tBOOK _u2015-6-16 _xTEOLOGIA _zUNKNOWN _0COMPRA _o.STAFF. Colección Teología |
||
| 980 |
_81 _gALBERTO SANCHEZ Responsable de Automatización |
||